000 00718nam a22001577a 4500
003 JO-AjAnu
005 20240330124203.0
008 240330b jo ||||| |||| 00| 0 ara d
040 _aJO-AjAnu
_cANU
111 _aالموسم الثقافي التاسع والثلاثون لمجمع اللغة العربية الأردني
_965180
245 _aالموسم الثقافي التاسع والثلاثون لمجمع اللغة العربية الأردني
260 _aعمان :
_bمجمع اللغة العربية الأردني،
_c2022
300 _a290 ورقة
611 _vالمعاجم-معاجم المفردات-اللغة العربية-مجامع اللغة العربية
942 _2lcc
_cREF
_n0
999 _c33371
_d33371